<?xml version="1.0" encoding="UTF-8"?>
<record
    xmlns:xsi="http://www.w3.org/2001/XMLSchema-instance"
    xsi:schemaLocation="http://www.loc.gov/MARC21/slim http://www.loc.gov/standards/marcxml/schema/MARC21slim.xsd"
    xmlns="http://www.loc.gov/MARC21/slim">

  <leader>01450nam a22003017a 4500</leader>
  <controlfield tag="003">OSt</controlfield>
  <controlfield tag="005">20250716163548.0</controlfield>
  <controlfield tag="008">221213s2018    ck a|||cr|||| 00| jdspa d</controlfield>
  <datafield tag="020" ind1=" " ind2=" ">
    <subfield code="a">9789583056451</subfield>
  </datafield>
  <datafield tag="040" ind1=" " ind2=" ">
    <subfield code="a">CO-JMCR</subfield>
    <subfield code="c">CO-JMCR</subfield>
  </datafield>
  <datafield tag="041" ind1="1" ind2=" ">
    <subfield code="a">spa</subfield>
    <subfield code="h">ger</subfield>
  </datafield>
  <datafield tag="082" ind1="0" ind2="4">
    <subfield code="a">J-C</subfield>
    <subfield code="b">MAXy</subfield>
  </datafield>
  <datafield tag="100" ind1="1" ind2=" ">
    <subfield code="a">Maxeiner, Alexandra, </subfield>
    <subfield code="e">autora</subfield>
    <subfield code="9">42510</subfield>
  </datafield>
  <datafield tag="245" ind1="1" ind2="0">
    <subfield code="a">Yo, Lilly y la danza de los flamencos / </subfield>
    <subfield code="c">Alexandra Maxeiner ; ilustraciones de Martina Badstuber ; traducci&#xF3;n, Olga Mart&#xED;n Maldonado</subfield>
  </datafield>
  <datafield tag="250" ind1=" " ind2=" ">
    <subfield code="a">Primera edici&#xF3;n</subfield>
  </datafield>
  <datafield tag="260" ind1=" " ind2=" ">
    <subfield code="a">Bogot&#xE1; : </subfield>
    <subfield code="b">Panamericana, </subfield>
    <subfield code="c">2018</subfield>
  </datafield>
  <datafield tag="300" ind1=" " ind2=" ">
    <subfield code="a">154 p&#xE1;ginas : </subfield>
    <subfield code="b">ilustraciones a blanco y negro ; </subfield>
    <subfield code="c">23 cm</subfield>
  </datafield>
  <datafield tag="490" ind1="0" ind2=" ">
    <subfield code="a">Literatura juvenil</subfield>
  </datafield>
  <datafield tag="500" ind1=" " ind2=" ">
    <subfield code="a">Incluye biograf&#xED;a de la autora y la ilustradora</subfield>
  </datafield>
  <datafield tag="500" ind1=" " ind2=" ">
    <subfield code="a">T&#xED;tulo original: Ich, Lilly und die sache mit den flamingos</subfield>
  </datafield>
  <datafield tag="520" ind1="3" ind2=" ">
    <subfield code="a">La abuela espera que participemos en su celebraci&#xF3;n de cumplea&#xF1;os; un poco dif&#xED;cil ponernos de acuerdo porque Lilly nunca colabora, en cambio yo s&#xED;... en fin, haremos entonces la danza de los flamencos.
Ingenioso, original y muy divertido. He aqu&#xED; un libro para que los ni&#xF1;os lean solos o para leerles en voz alta.</subfield>
  </datafield>
  <datafield tag="650" ind1="1" ind2="4">
    <subfield code="a">Cuentos juveniles alemanes</subfield>
    <subfield code="y">Siglo XXI</subfield>
    <subfield code="9">42511</subfield>
  </datafield>
  <datafield tag="650" ind1="2" ind2="4">
    <subfield code="a">Familia</subfield>
    <subfield code="v">Cuentos juveniles</subfield>
    <subfield code="9">42514</subfield>
  </datafield>
  <datafield tag="650" ind1="2" ind2="4">
    <subfield code="a">Convivencia</subfield>
    <subfield code="v">Cuentos juveniles</subfield>
    <subfield code="9">42515</subfield>
  </datafield>
  <datafield tag="700" ind1="1" ind2=" ">
    <subfield code="a"> Badstuber, Martina, </subfield>
    <subfield code="e">ilustrador</subfield>
    <subfield code="9">42512</subfield>
  </datafield>
  <datafield tag="700" ind1="1" ind2=" ">
    <subfield code="a">Mart&#xED;n Maldonado, Olga, </subfield>
    <subfield code="e">traductora</subfield>
    <subfield code="9">42513</subfield>
  </datafield>
  <datafield tag="942" ind1=" " ind2=" ">
    <subfield code="2">ddc</subfield>
    <subfield code="c">BK</subfield>
  </datafield>
  <datafield tag="999" ind1=" " ind2=" ">
    <subfield code="c">29791</subfield>
    <subfield code="d">16175</subfield>
  </datafield>
  <datafield tag="952" ind1=" " ind2=" ">
    <subfield code="0">0</subfield>
    <subfield code="1">0</subfield>
    <subfield code="2">ddc</subfield>
    <subfield code="4">0</subfield>
    <subfield code="7">0</subfield>
    <subfield code="a">CPL</subfield>
    <subfield code="b">CPL</subfield>
    <subfield code="d">2022-12-13</subfield>
    <subfield code="l">8</subfield>
    <subfield code="o">J-C MAXy</subfield>
    <subfield code="p">201811547</subfield>
    <subfield code="q">2026-05-06</subfield>
    <subfield code="r">2026-04-28 13:30:24</subfield>
    <subfield code="s">2026-04-28</subfield>
    <subfield code="t">Ej.1</subfield>
    <subfield code="w">2022-12-13</subfield>
    <subfield code="y">BK</subfield>
  </datafield>
</record>
